Score 0/40 Timer 04:00
2 Plays Today
Clue 4-Letter Word % Correct
____! The Herald Angels SingHARK
95.2%
Get ready for a tripPACK
94.4%
Direct the eyes toward somethingLOOK
93.3%
Leave a vehicle temporarilyPARK
93.2%
Device for fastening a doorLOCK
93.2%
Sheets of paper fastened or bound together within coversBOOK
91.6%
Force air out, with the mouthBLOW
91.3%
Shoe reaching to the ankleBOOT
90.8%
Money paid as a penaltyFINE
90.7%
Piloted a planeFLEW
90.6%
Move, as a streamFLOW
90.6%
DiscoverFIND
90.6%
A hand that is clenchedFIST
90.6%
QuickFAST
90.4%
Show off your musclesFLEX
90.2%
An ink stainBLOT
90.1%
Alcoholic drink made from grape juiceWINE
89.9%
Tall, upright pole on a ship, supporting the sailsMAST
88%
Not realFAKE
87.9%
Something said to arouse laughterJOKE
84.9%
Clue 4-Letter Word % Correct
Adult female horseMARE
84.3%
Give food to someoneFEED
84.2%
Paying passengerFARE
83.1%
To become a memberJOIN
82.7%
Country music artist, ____ OwenJAKE
81.6%
A marketMART
81.3%
Having good judgementWISE
80.8%
Manage by oneselfFEND
79.9%
John Ratzenberger's role in Finding Nemo was ____ School•FISH•
78.1%
Ran away from a place of dangerFLED
78%
RidiculeMOCK
77.8%
John Ratzenberger's role in Cars•MACK•
76.2%
DamageHARM
75.8%
Joy, in FrenchJOIE
75.8%
Want or desireWISH
75.1%
John Ratzenberger's role in A Bug's Life was P.T. ____•FLEA•
53.4%
John Ratzenberger's role in Toy Story•HAMM•
50.6%
John Ratzenberger's role in WALL-E•JOHN•
50.2%
Genus of holly plantsILEX
20.4%
Sections of the small intestineILEA
18.6%

Today's Daily Dose

You're not logged in!

Compare scores with friends on all Sporcle quizzes.
OR
Log In

Sporcle TV

Today on Sporcle TV


Watch our educational content, quiz creation guides, and fun videos on Sporcle TV.

Show Comments

Extras

Top Quizzes Today


Score Distribution

Your Account Isn't Verified!

In order to create a playlist on Sporcle, you need to verify the email address you used during registration. Go to your Sporcle Settings to finish the process.

Report this User

Report this user for behavior that violates our Community Guidelines.

Details: